La transparencia patrimonial del deudor en la ejecución civil

Shranjeno v:
Bibliografske podrobnosti
Glavni avtor: Silva Alvarez, Oscar (autor)
Format: Knjiga
Jezik:španščina
Izdano: Santiago,Chile: Legal Publishing; Thomson Reuters, 2014.
Izdaja:1a. ed
Serija:Derecho y Proceso.
Teme:
Online dostop:Disponible Online en Thomson Proview
Oznake: Označite
Brez oznak, prvi označite!

MARC

LEADER 00000cam a2200000 a 4500
001 UCE4012
003 CL-VaPUC
005 20230831171406.0
008 141003e20140000cl |||||||||||||||||spa|d
999 |c 357105  |d 357103 
020 |a 9789563465495 
040 |c Pontificia Universidad Católica de Valparaíso 
082 0 4 |a 346.83077 SIL 2014  |2 21 
100 0 |a Silva Alvarez, Oscar  |e autor  |9 576591 
245 1 3 |a La transparencia patrimonial del deudor en la ejecución civil 
250 |a 1a. ed 
260 |a Santiago,Chile:  |b Legal Publishing;  |b Thomson Reuters,   |c 2014. 
300 |a 365 páginas.  
490 0 |a Derecho y Proceso. 
583 |a last modification  |c 20141003 14:18:00  |k Rodrigo Vera 
650 0 |a Acreedor  |9 388863 
650 0 |a Deudor   |9 385167 
650 0 |a Derecho comercial   |9 256340 
650 0 |a Bien jurídico protegido   |9 385533 
856 |u https://pucv.idm.oclc.org/login?url=https://proview.thomsonreuters.com/library.html?sponsor=IPPUCV-2  |y Disponible Online en Thomson Proview 
942 |c BK  |2 ddc 
945 |d 20141003 14:18:00  |a arojas 
952 |0 0  |1 0  |3 erb  |4 0  |6 346_830770000000000_SIL_2014  |7 0  |8 A  |9 464922  |a BIBDER  |b BIBDER  |i 5117496  |l 7  |m 1  |o 346.83077 SIL 2014  |p 5117496  |q 2025-05-13  |r 2025-05-06  |s 2025-05-06  |w 2019-11-23  |y BK  |z Catalogado en:20141003  |k DER 
952 |0 0  |1 0  |2 ddc  |4 0  |6 346_830770000000000_SIL_2014  |7 0  |8 A  |9 590828  |a BIBDER  |b BIBDER  |c F_LRYV  |d 2023-07-11  |e 22  |g 44049.00  |i 5658023  |o 346.83077 SIL 2014  |p 5658023  |r 2023-07-11  |t 2  |v 44049.00  |w 2023-07-11  |y BK  |k BRV